[Event "9 Round Open"]
[Site "Enniscrone, Sligo, IE"]
[Date "2026.02.08"]
[Round "9"]
[White "Ribeiro, Gustavo"]
[Black "Melling, Jonathon"]
[Result "1-0"]
[Board "6"]
[WhiteFideId "1941852"]
[BlackFideId "841790"]
[WhiteTitle "FM"]
[WhiteElo "2276"]
[BlackElo "1878"]
[WhiteTeam "POR"]
[BlackTeam "IRL"]
[WhiteClock "0:36:35"]
[BlackClock "0:27:20"]
[Variant "Standard"]

1. f4 {[%clk 1:29:50]}  d5 {[%clk 1:30:50]} 2. Nf3 {[%clk 1:30:07]}  Nf6 {[%clk 1:31:12]} 3. e3 {[%clk 1:30:19]}  c6 {[%clk 1:31:15]} 4. Be2 {[%clk 1:30:34]}  h6 {[%clk 1:29:50]} 5. O-O {[%clk 1:30:28]}  Bf5 {[%clk 1:29:56]} 6. d4 {[%clk 1:30:45]}  Nbd7 {[%clk 1:29:47]} 7. a4 {[%clk 1:30:27]}  a5 {[%clk 1:29:31]} 8. c3 {[%clk 1:30:28]}  e6 {[%clk 1:29:47]} 9. Bd2 {[%clk 1:30:37]}  Ne4 {[%clk 1:29:30]} 10. Be1 {[%clk 1:31:01]}  Be7 {[%clk 1:28:40]} 11. Nbd2 {[%clk 1:31:16]}  Ndf6 {[%clk 1:18:29]} 12. Qb3 {[%clk 1:23:53]}  Qc7 {[%clk 1:18:08]} 13. c4 {[%clk 1:23:27]}  Nxd2 {[%clk 1:15:56]} 14. Bxd2 {[%clk 1:22:54]}  Ne4 {[%clk 1:15:46]} 15. Rac1 {[%clk 1:21:49]}  Nxd2 {[%clk 1:15:47]} 16. Nxd2 {[%clk 1:22:14]}  Qd7 {[%clk 1:13:37]} 17. Bd3 {[%clk 1:21:35]}  Bxd3 {[%clk 1:11:47]} 18. Qxd3 {[%clk 1:21:59]}  f5 {[%clk 1:10:18]} 19. Nf3 {[%clk 1:21:53]}  Bf6 {[%clk 1:08:48]} 20. Qa3 {[%clk 1:19:47]}  Qe7 {[%clk 1:08:33]} 21. Rc3 {[%clk 1:19:47]}  Qxa3 {[%clk 1:01:55]} 22. bxa3 {[%clk 1:20:05]}  O-O {[%clk 1:02:16]} 23. Rb1 {[%clk 1:20:21]}  Rf7 {[%clk 1:02:35]} 24. Rcb3 {[%clk 1:20:41]}  Ra7 {[%clk 1:02:44]} 25. h4 {[%clk 1:18:45]}  h5 {[%clk 0:54:36]} 26. Kf2 {[%clk 1:18:59]}  Kf8 {[%clk 0:54:37]} 27. Ke2 {[%clk 1:19:23]}  Rd7 {[%clk 0:54:45]} 28. Kd3 {[%clk 1:16:36]}  Ke7 {[%clk 0:53:58]} 29. Rh1 {[%clk 1:15:53]}  Ra8 {[%clk 0:52:21]} 30. Rbb1 {[%clk 1:15:52]}  Rc8 {[%clk 0:50:36]} 31. Rb6 {[%clk 1:15:28]}  Ra8 {[%clk 0:48:22]} 32. Rb3 {[%clk 1:06:17]}  Ra7 {[%clk 0:48:42]} 33. Nd2 {[%clk 1:06:26]}  Kd8 {[%clk 0:48:52]} 34. Nf1 {[%clk 1:06:28]}  Ke7 {[%clk 0:47:01]} 35. Ng3 {[%clk 1:06:50]}  g6 {[%clk 0:47:21]} 36. Nf1 {[%clk 1:07:09]}  Kd8 {[%clk 0:46:45]} 37. Nd2 {[%clk 1:07:33]}  Ke8 {[%clk 0:45:23]} 38. Nf3 {[%clk 1:07:28]}  Ke7 {[%clk 0:45:30]} 39. Rb6 {[%clk 1:05:51]}  Ke8 {[%clk 0:45:11]} 40. Rh3 {[%clk 1:02:32]}  Ra8 {[%clk 0:44:34]} 41. Kc3 {[%clk 0:50:45]}  Ke7 {[%clk 0:43:24]} 42. Rh1 {[%clk 0:49:54]}  Ke8 {[%clk 0:43:03]} 43. Ne1 {[%clk 0:50:01]}  Be7 {[%clk 0:42:46]} 44. Nc2 {[%clk 0:43:01]}  Bd8 {[%clk 0:41:25]} 45. Rb3 {[%clk 0:43:16]}  Be7 {[%clk 0:41:50]} 46. Rhb1 {[%clk 0:42:40]}  Ra7 {[%clk 0:42:17]} 47. Ne1 {[%clk 0:42:57]}  Bxh4 {[%clk 0:40:11]} 48. Nd3 {[%clk 0:43:17]}  Be7 {[%clk 0:36:55]} 49. Ne5 {[%clk 0:43:34]}  Rc7 {[%clk 0:37:17]} 50. Nxg6 {[%clk 0:43:53]}  Bf6 {[%clk 0:37:30]} 51. Ne5 {[%clk 0:36:56]}  Bxe5 {[%clk 0:35:57]} 52. dxe5 {[%clk 0:37:22]}  Kf7 {[%clk 0:34:10]} 53. Kd4 {[%clk 0:36:50]}  Rd7 {[%clk 0:29:50]} 54. cxd5 {[%clk 0:35:38]}  exd5 {[%clk 0:29:12]} 55. Rh1 {[%clk 0:35:27]}  Kg6 {[%clk 0:29:36]} 56. e6 {[%clk 0:35:29]}  Re7 {[%clk 0:26:55]} 57. Ke5 {[%clk 0:35:47]}  Ra8 {[%clk 0:27:19]} 58. e4 {[%clk 0:36:10]}  dxe4 {[%clk 0:27:20]} 59. Rg3+ {[%clk 0:36:35]} 1-0

[Event "9 Round Open"]
[Site "Enniscrone, Sligo, IE"]
[Date "2026.02.08"]
[Round "9"]
[White "Prado, Alexandra"]
[Black "Halvorsen, Benjamin"]
[Result "1/2-1/2"]
[Board "7"]
[WhiteFideId "3301346"]
[BlackFideId "1516604"]
[WhiteTitle "WCM"]
[WhiteElo "1924"]
[BlackElo "2007"]
[WhiteTeam "BOL"]
[BlackTeam "NOR"]
[WhiteClock "0:12:30"]
[BlackClock "0:22:26"]
[Variant "Standard"]

1. e4 {[%clk 1:30:57]}  c5 {[%clk 1:30:29]} 2. Nc3 {[%clk 1:30:33]}  Nc6 {[%clk 1:30:40]} 3. Bb5 {[%clk 1:30:40]}  Nd4 {[%clk 1:30:14]} 4. Bc4 {[%clk 1:30:45]}  g6 {[%clk 1:27:37]} 5. Nge2 {[%clk 1:30:34]}  Bg7 {[%clk 1:27:36]} 6. Nxd4 {[%clk 1:25:02]}  cxd4 {[%clk 1:27:31]} 7. Qf3 {[%clk 1:25:20]}  e6 {[%clk 1:17:29]} 8. Nb5 {[%clk 1:25:11]}  d6 {[%clk 1:16:35]} 9. Qg3 {[%clk 1:25:26]}  e5 {[%clk 1:14:50]} 10. Qa3 {[%clk 1:21:15]}  Bf8 {[%clk 1:13:54]} 11. Qb3 {[%clk 1:13:03]}  Qd7 {[%clk 1:12:08]} 12. Nxd4 {[%clk 1:11:22]}  Qg4 {[%clk 0:59:42]} 13. Qf3 {[%clk 0:56:23]}  Nh6 {[%clk 0:49:21]} 14. Qxg4 {[%clk 0:55:13]}  Nxg4 {[%clk 0:48:31]} 15. Nb5 {[%clk 0:55:29]}  Ke7 {[%clk 0:47:56]} 16. Nc7 {[%clk 0:53:56]}  Rb8 {[%clk 0:48:21]} 17. Nd5+ {[%clk 0:53:49]}  Kd8 {[%clk 0:48:51]} 18. h3 {[%clk 0:53:44]}  Nh6 {[%clk 0:48:23]} 19. d3 {[%clk 0:53:32]}  Be6 {[%clk 0:43:15]} 20. Bg5+ {[%clk 0:52:35]}  Kc8 {[%clk 0:43:38]} 21. Be3 {[%clk 0:51:49]}  b5 {[%clk 0:38:17]} 22. Bb3 {[%clk 0:51:23]}  a5 {[%clk 0:37:59]} 23. a4 {[%clk 0:50:02]}  b4 {[%clk 0:35:54]} 24. Nb6+ {[%clk 0:48:25]}  Kb7 {[%clk 0:35:53]} 25. Bxe6 {[%clk 0:48:26]}  fxe6 {[%clk 0:36:17]} 26. Nc4 {[%clk 0:48:50]}  Ka6 {[%clk 0:35:41]} 27. Nxd6 {[%clk 0:48:45]}  Bxd6 {[%clk 0:32:23]} 28. Bxh6 {[%clk 0:49:12]}  Rhc8 {[%clk 0:32:12]} 29. Kd2 {[%clk 0:44:33]}  Bc5 {[%clk 0:32:23]} 30. Be3 {[%clk 0:42:49]}  Bd4 {[%clk 0:32:27]} 31. Bxd4 {[%clk 0:42:15]}  exd4 {[%clk 0:32:55]} 32. b3 {[%clk 0:42:23]}  Rc7 {[%clk 0:30:29]} 33. h4 {[%clk 0:35:26]}  Rbc8 {[%clk 0:30:13]} 34. Rac1 {[%clk 0:35:45]}  Rf7 {[%clk 0:26:56]} 35. f3 {[%clk 0:35:09]}  e5 {[%clk 0:25:47]} 36. Rh3 {[%clk 0:34:18]}  h6 {[%clk 0:23:02]} 37. Rg3 {[%clk 0:29:14]}  Rf6 {[%clk 0:22:50]} 38. Rg4 {[%clk 0:29:17]}  Kb7 {[%clk 0:22:23]} 39. Rf1 {[%clk 0:22:48]}  Rfc6 {[%clk 0:22:35]} 40. Rc1 {[%clk 0:23:00]}  Rf6 {[%clk 0:22:59]} 41. Rf1 {[%clk 0:12:30]}  Rfc6 {[%clk 0:22:26]} 1/2-1/2

[Event "9 Round Open"]
[Site "Enniscrone, Sligo, IE"]
[Date "2026.02.08"]
[Round "9"]
[White "O`Flaherty, Kevin"]
[Black "Kim, Jimin"]
[Result "1/2-1/2"]
[Board "8"]
[WhiteFideId "2502283"]
[BlackFideId "13224271"]
[WhiteElo "1956"]
[BlackElo "1776"]
[WhiteTeam "IRL"]
[BlackTeam "KOR"]
[WhiteClock "0:31:17"]
[BlackClock "0:31:28"]
[Variant "Standard"]

1. d4 {[%clk 1:30:57]}  Nf6 {[%clk 1:30:41]} 2. c3 {[%clk 1:31:15]}  e6 {[%clk 1:30:26]} 3. Nf3 {[%clk 1:31:34]}  b6 {[%clk 1:30:32]} 4. Bf4 {[%clk 1:31:48]}  Bb7 {[%clk 1:30:52]} 5. e3 {[%clk 1:32:01]}  d6 {[%clk 1:29:45]} 6. Nbd2 {[%clk 1:31:17]}  Nbd7 {[%clk 1:28:13]} 7. Be2 {[%clk 1:29:25]}  Qe7 {[%clk 1:26:33]} 8. h3 {[%clk 1:26:12]}  g6 {[%clk 1:24:35]} 9. Qc2 {[%clk 1:20:19]}  Bg7 {[%clk 1:23:51]} 10. O-O-O {[%clk 1:17:34]}  a6 {[%clk 1:20:16]} 11. Kb1 {[%clk 1:14:19]}  O-O {[%clk 1:10:18]} 12. h4 {[%clk 1:12:18]}  e5 {[%clk 1:06:40]} 13. Bg5 {[%clk 1:10:39]}  h6 {[%clk 1:04:51]} 14. dxe5 {[%clk 1:06:33]}  dxe5 {[%clk 1:05:08]} 15. Bxf6 {[%clk 1:05:05]}  Nxf6 {[%clk 1:00:59]} 16. e4 {[%clk 1:00:50]}  c5 {[%clk 0:57:21]} 17. Ne1 {[%clk 0:59:48]}  b5 {[%clk 0:52:26]} 18. g4 {[%clk 0:57:23]}  Nd7 {[%clk 0:51:10]} 19. f3 {[%clk 0:56:44]}  c4 {[%clk 0:49:16]} 20. Ng2 {[%clk 0:55:27]}  Nc5 {[%clk 0:48:49]} 21. Nf1 {[%clk 0:50:25]}  a5 {[%clk 0:40:46]} 22. Nfe3 {[%clk 0:48:32]}  Ba6 {[%clk 0:34:39]} 23. Nd5 {[%clk 0:46:10]}  Qb7 {[%clk 0:33:34]} 24. Nge3 {[%clk 0:44:20]}  Rfc8 {[%clk 0:31:28]} 25. g5 {[%clk 0:31:17]} 1/2-1/2

[Event "9 Round Open"]
[Site "Enniscrone, Sligo, IE"]
[Date "2026.02.08"]
[Round "9"]
[White "Machin Arbelo, Pedro Alexis"]
[Black "Webb, Nick"]
[Result "1-0"]
[Board "9"]
[WhiteFideId "2260972"]
[BlackFideId "2517302"]
[WhiteElo "1950"]
[BlackElo "1876"]
[WhiteTeam "ESP"]
[BlackTeam "IRL"]
[WhiteClock "0:03:34"]
[BlackClock "0:24:13"]
[Variant "Standard"]

1. e4 {[%clk 1:22:50]}  c5 {[%clk 1:30:33]} 2. c3 {[%clk 1:23:10]}  g6 {[%clk 1:30:33]} 3. Nf3 {[%clk 1:19:36]}  Bg7 {[%clk 1:30:29]} 4. d4 {[%clk 1:19:41]}  cxd4 {[%clk 1:29:44]} 5. cxd4 {[%clk 1:20:05]}  Nf6 {[%clk 1:29:28]} 6. e5 {[%clk 1:19:57]}  Nd5 {[%clk 1:29:02]} 7. Bc4 {[%clk 1:20:16]}  Nb6 {[%clk 1:29:01]} 8. Bb3 {[%clk 1:20:22]}  O-O {[%clk 1:25:53]} 9. O-O {[%clk 1:14:53]}  d5 {[%clk 1:23:17]} 10. h3 {[%clk 1:11:50]}  Nc6 {[%clk 1:22:33]} 11. Nc3 {[%clk 1:11:31]}  a6 {[%clk 1:19:36]} 12. Re1 {[%clk 1:09:04]}  e6 {[%clk 1:18:29]} 13. Bg5 {[%clk 1:04:12]}  f6 {[%clk 1:17:07]} 14. Bh4 {[%clk 0:59:12]}  Ne7 {[%clk 1:14:10]} 15. g4 {[%clk 0:49:10]}  Bd7 {[%clk 1:08:13]} 16. Qe2 {[%clk 0:43:10]}  Nc6 {[%clk 1:02:19]} 17. Rad1 {[%clk 0:40:58]}  Qe8 {[%clk 1:01:17]} 18. exf6 {[%clk 0:29:40]}  Bxf6 {[%clk 1:00:41]} 19. Bg3 {[%clk 0:27:16]}  Qf7 {[%clk 0:57:56]} 20. Bd6 {[%clk 0:25:10]}  Rfe8 {[%clk 0:55:52]} 21. Ne5 {[%clk 0:23:43]}  Nxe5 {[%clk 0:55:15]} 22. Bxe5 {[%clk 0:21:24]}  Rac8 {[%clk 0:53:59]} 23. Rd3 {[%clk 0:19:17]}  Qg7 {[%clk 0:52:06]} 24. Re3 {[%clk 0:17:45]}  Nc4 {[%clk 0:49:38]} 25. Bxc4 {[%clk 0:17:17]}  Bxe5 {[%clk 0:44:15]} 26. Rxe5 {[%clk 0:08:08]}  Rxc4 {[%clk 0:43:20]} 27. Nxd5 {[%clk 0:06:56]}  Rxd4 {[%clk 0:40:48]} 28. Nc7 {[%clk 0:06:20]}  Rf8 {[%clk 0:37:16]} 29. Nxe6 {[%clk 0:05:57]}  Bxe6 {[%clk 0:37:05]} 30. Rxe6 {[%clk 0:06:23]}  Rdf4 {[%clk 0:36:51]} 31. Re7 {[%clk 0:06:06]}  Qd4 {[%clk 0:36:40]} 32. Qe6+ {[%clk 0:03:41]}  Kh8 {[%clk 0:36:20]} 33. Qe5+ {[%clk 0:03:27]}  Qxe5 {[%clk 0:36:27]} 34. R1xe5 {[%clk 0:03:52]}  Rxf2 {[%clk 0:35:55]} 35. Rxb7 {[%clk 0:03:40]}  Rf1+ {[%clk 0:35:48]} 36. Kg2 {[%clk 0:04:01]}  R1f2+ {[%clk 0:35:55]} 37. Kg3 {[%clk 0:03:53]}  h6 {[%clk 0:32:58]} 38. Re3 {[%clk 0:03:37]}  g5 {[%clk 0:31:24]} 39. Reb3 {[%clk 0:03:16]}  R2f6 {[%clk 0:30:47]} 40. h4 {[%clk 0:02:28]}  Kg8 {[%clk 0:27:57]} 41. hxg5 {[%clk 0:02:49]}  hxg5 {[%clk 0:28:19]} 42. R7b6 {[%clk 0:01:52]}  Kg7 {[%clk 0:27:46]} 43. Rxf6 {[%clk 0:01:53]}  Rxf6 {[%clk 0:28:07]} 44. Rb4 {[%clk 0:01:15]}  Kf7 {[%clk 0:28:11]} 45. a4 {[%clk 0:01:27]}  Ke7 {[%clk 0:27:15]} 46. a5 {[%clk 0:01:02]}  Rd6 {[%clk 0:26:04]} 47. Rb7+ {[%clk 0:00:52]}  Kf6 {[%clk 0:23:27]} 48. Rb6 {[%clk 0:01:07]}  Ke5 {[%clk 0:23:48]} 49. Rxd6 {[%clk 0:00:55]}  Kxd6 {[%clk 0:24:13]} 50. Kf3 {[%clk 0:01:13]}  Kd5 {[%clk 0:23:33]} 51. Ke3 {[%clk 0:01:33]}  Ke5 {[%clk 0:23:13]} 52. b4 {[%clk 0:01:07]}  Kd5 {[%clk 0:23:33]} 53. Kd3 {[%clk 0:01:26]}  Kc6 {[%clk 0:23:19]} 54. Kc4 {[%clk 0:01:44]}  Kb7 {[%clk 0:23:25]} 55. b5 {[%clk 0:01:34]}  axb5+ {[%clk 0:23:41]} 56. Kxb5 {[%clk 0:02:03]}  Ka7 {[%clk 0:23:52]} 57. Kc6 {[%clk 0:01:49]}  Ka6 {[%clk 0:23:32]} 58. Kd6 {[%clk 0:02:17]}  Kxa5 {[%clk 0:23:54]} 59. Ke6 {[%clk 0:02:43]}  Kb6 {[%clk 0:24:06]} 60. Kf6 {[%clk 0:03:09]}  Kc7 {[%clk 0:24:13]} 61. Kxg5 {[%clk 0:03:34]} 1-0

[Event "9 Round Open"]
[Site "Enniscrone, Sligo, IE"]
[Date "2026.02.08"]
[Round "9"]
[White "Fathallah, Joe"]
[Black "McGill, Derek"]
[Result "1-0"]
[Board "10"]
[WhiteFideId "1801899"]
[BlackFideId "2510375"]
[WhiteElo "1956"]
[BlackElo "1853"]
[WhiteTeam "WLS"]
[BlackTeam "IRL"]
[WhiteClock "0:17:10"]
[BlackClock "0:11:15"]
[Variant "Standard"]

1. d4 {[%clk 1:30:56]}  d5 {[%clk 1:30:22]} 2. c4 {[%clk 1:31:17]}  c6 {[%clk 1:30:38]} 3. Nf3 {[%clk 1:31:35]}  e6 {[%clk 1:30:53]} 4. e3 {[%clk 1:31:41]}  Nf6 {[%clk 1:30:16]} 5. Nc3 {[%clk 1:32:02]}  Nbd7 {[%clk 1:29:40]} 6. Bd3 {[%clk 1:32:13]}  dxc4 {[%clk 1:25:59]} 7. Bxc4 {[%clk 1:32:35]}  Be7 {[%clk 1:26:24]} 8. O-O {[%clk 1:30:52]}  O-O {[%clk 1:26:05]} 9. e4 {[%clk 1:29:56]}  b5 {[%clk 1:20:38]} 10. Bd3 {[%clk 1:27:40]}  a6 {[%clk 1:07:24]} 11. e5 {[%clk 1:25:57]}  Nd5 {[%clk 1:05:00]} 12. Ne4 {[%clk 1:24:13]}  Re8 {[%clk 0:57:47]} 13. Nfg5 {[%clk 1:19:20]}  Nf8 {[%clk 0:51:32]} 14. Qh5 {[%clk 1:10:15]}  g6 {[%clk 0:49:16]} 15. Qf3 {[%clk 1:07:33]}  f5 {[%clk 0:49:01]} 16. exf6 {[%clk 1:07:04]}  Bxf6 {[%clk 0:46:11]} 17. Be3 {[%clk 1:02:14]}  Ra7 {[%clk 0:46:23]} 18. Nxf6+ {[%clk 0:58:07]}  Qxf6 {[%clk 0:46:39]} 19. Qg3 {[%clk 0:57:35]}  Rae7 {[%clk 0:45:29]} 20. Ne4 {[%clk 0:53:44]}  Qg7 {[%clk 0:44:18]} 21. Bg5 {[%clk 0:48:22]}  Qxd4 {[%clk 0:41:47]} 22. Bxe7 {[%clk 0:46:49]}  Rxe7 {[%clk 0:42:01]} 23. Rac1 {[%clk 0:45:30]}  Bd7 {[%clk 0:38:47]} 24. Nc5 {[%clk 0:32:30]}  Nb4 {[%clk 0:32:23]} 25. a3 {[%clk 0:27:28]}  Nxd3 {[%clk 0:31:08]} 26. Nxd3 {[%clk 0:26:09]}  e5 {[%clk 0:30:16]} 27. b4 {[%clk 0:21:33]}  Bf5 {[%clk 0:19:10]} 28. Nc5 {[%clk 0:21:26]}  Ne6 {[%clk 0:19:25]} 29. Rfd1 {[%clk 0:20:18]}  Nf4 {[%clk 0:19:06]} 30. Qb3+ {[%clk 0:19:58]}  Be6 {[%clk 0:14:47]} 31. Nxe6 {[%clk 0:17:14]}  Ne2+ {[%clk 0:13:25]} 32. Kf1 {[%clk 0:16:46]}  Nxc1 {[%clk 0:11:04]} 33. Nxd4+ {[%clk 0:16:47]}  Nxb3 {[%clk 0:11:15]} 34. Nxb3 {[%clk 0:17:10]} 1-0

[Event "9 Round Open"]
[Site "Enniscrone, Sligo, IE"]
[Date "2026.02.08"]
[Round "9"]
[White "Morriss, Pete"]
[Black "Kelbas, Dariy"]
[Result "1-0"]
[Board "11"]
[WhiteFideId "2500230"]
[BlackFideId "34160515"]
[WhiteElo "1931"]
[BlackElo "1866"]
[WhiteTeam "IRL"]
[BlackTeam "UKR"]
[WhiteClock "0:36:46"]
[BlackClock "0:29:33"]
[Variant "Standard"]

1. c4 {[%clk 1:29:53]}  Nf6 {[%clk 1:30:53]} 2. Nc3 {[%clk 1:30:17]}  g6 {[%clk 1:31:09]} 3. g3 {[%clk 1:30:40]}  Bg7 {[%clk 1:31:30]} 4. Bg2 {[%clk 1:31:04]}  O-O {[%clk 1:31:44]} 5. e4 {[%clk 1:31:20]}  d6 {[%clk 1:31:30]} 6. Nge2 {[%clk 1:31:37]}  a6 {[%clk 1:30:24]} 7. O-O {[%clk 1:31:23]}  e5 {[%clk 1:29:31]} 8. d3 {[%clk 1:31:36]}  Nc6 {[%clk 1:29:41]} 9. Nd5 {[%clk 1:30:17]}  Nxd5 {[%clk 1:26:54]} 10. cxd5 {[%clk 1:29:31]}  Ne7 {[%clk 1:26:54]} 11. f4 {[%clk 1:23:00]}  c5 {[%clk 1:16:00]} 12. Rb1 {[%clk 1:20:49]}  f6 {[%clk 1:12:53]} 13. b4 {[%clk 1:17:39]}  b6 {[%clk 1:12:52]} 14. Be3 {[%clk 1:16:10]}  Bd7 {[%clk 1:12:32]} 15. a4 {[%clk 1:14:08]}  Qc8 {[%clk 1:11:37]} 16. a5 {[%clk 1:11:47]}  cxb4 {[%clk 1:09:13]} 17. Bxb6 {[%clk 1:09:45]}  Bh3 {[%clk 1:04:31]} 18. Rxb4 {[%clk 1:06:55]}  Bxg2 {[%clk 1:02:05]} 19. Kxg2 {[%clk 1:07:09]}  Qd7 {[%clk 1:00:57]} 20. Rc4 {[%clk 1:02:04]}  Rfc8 {[%clk 0:59:22]} 21. Qb3 {[%clk 1:01:15]}  Rxc4 {[%clk 0:59:03]} 22. dxc4 {[%clk 1:01:03]}  Rb8 {[%clk 0:56:13]} 23. c5 {[%clk 0:57:46]}  Nc8 {[%clk 0:50:58]} 24. c6 {[%clk 0:55:05]}  Qe7 {[%clk 0:46:00]} 25. Qc4 {[%clk 0:52:58]}  Ra8 {[%clk 0:39:00]} 26. Rb1 {[%clk 0:47:05]}  f5 {[%clk 0:36:05]} 27. Bf2 {[%clk 0:44:02]}  Bh6 {[%clk 0:31:56]} 28. c7 {[%clk 0:41:51]}  exf4 {[%clk 0:30:52]} 29. Nxf4 {[%clk 0:40:02]}  Bxf4 {[%clk 0:30:12]} 30. gxf4 {[%clk 0:40:04]}  fxe4 {[%clk 0:30:06]} 31. Rb8 {[%clk 0:39:11]}  e3 {[%clk 0:27:58]} 32. Rxa8 {[%clk 0:38:20]}  Qd7 {[%clk 0:27:59]} 33. Qxa6 {[%clk 0:37:52]}  Qg4+ {[%clk 0:28:10]} 34. Bg3 {[%clk 0:38:02]}  Kg7 {[%clk 0:28:29]} 35. Rxc8 {[%clk 0:37:40]}  Qf5 {[%clk 0:28:18]} 36. Rg8+ {[%clk 0:37:11]}  Kh6 {[%clk 0:28:39]} 37. c8=Q {[%clk 0:36:03]}  Qxd5+ {[%clk 0:29:02]} 38. Kg1 {[%clk 0:36:13]}  Qd1+ {[%clk 0:29:06]} 39. Qf1 {[%clk 0:36:31]}  e2 {[%clk 0:29:33]} 40. Qch3# {[%clk 0:36:46]} 1-0

[Event "9 Round Open"]
[Site "Enniscrone, Sligo, IE"]
[Date "2026.02.08"]
[Round "9"]
[White "Ranade, Akshay"]
[Black "Gulljord, Birk"]
[Result "0-1"]
[Board "12"]
[WhiteFideId "2515270"]
[BlackFideId "1542753"]
[WhiteElo "1723"]
[BlackElo "1923"]
[WhiteTeam "IRL"]
[BlackTeam "NOR"]
[WhiteClock "0:13:39"]
[BlackClock "0:36:36"]
[Variant "Standard"]

1. c4 {[%clk 1:30:44]}  Nf6 {[%clk 1:30:53]} 2. g3 {[%clk 1:31:01]}  c5 {[%clk 1:31:18]} 3. Nf3 {[%clk 1:26:10]}  d5 {[%clk 1:31:41]} 4. cxd5 {[%clk 1:24:33]}  Nxd5 {[%clk 1:32:04]} 5. d4 {[%clk 1:23:39]}  cxd4 {[%clk 1:25:41]} 6. Nxd4 {[%clk 1:23:48]}  Nb4 {[%clk 1:25:56]} 7. Qa4+ {[%clk 1:09:38]}  N8c6 {[%clk 1:25:36]} 8. Nxc6 {[%clk 1:07:55]}  Nxc6 {[%clk 1:25:59]} 9. Bg2 {[%clk 1:07:51]}  Bd7 {[%clk 1:26:09]} 10. O-O {[%clk 1:05:49]}  g6 {[%clk 1:25:54]} 11. Rd1 {[%clk 1:03:01]}  Bg7 {[%clk 1:24:50]} 12. Nc3 {[%clk 1:02:30]}  O-O {[%clk 1:23:09]} 13. Bh3 {[%clk 0:57:22]}  e6 {[%clk 1:21:25]} 14. Bf4 {[%clk 0:48:21]}  Qc8 {[%clk 1:02:33]} 15. Rac1 {[%clk 0:38:47]}  Ne5 {[%clk 0:56:02]} 16. Qb4 {[%clk 0:28:39]}  Bc6 {[%clk 0:54:44]} 17. Nb5 {[%clk 0:26:22]}  Rd8 {[%clk 0:54:02]} 18. Nd6 {[%clk 0:26:24]}  Qd7 {[%clk 0:52:25]} 19. Nc4 {[%clk 0:23:15]}  Qxd1+ {[%clk 0:52:32]} 20. Rxd1 {[%clk 0:23:38]}  Rxd1+ {[%clk 0:52:52]} 21. Bf1 {[%clk 0:24:02]}  Nxc4 {[%clk 0:46:35]} 22. Qxc4 {[%clk 0:24:23]}  Bxb2 {[%clk 0:46:40]} 23. Bc7 {[%clk 0:19:59]}  Bg7 {[%clk 0:44:20]} 24. Qc2 {[%clk 0:18:14]}  Ra1 {[%clk 0:44:31]} 25. h4 {[%clk 0:14:47]}  Rc8 {[%clk 0:43:02]} 26. Qd2 {[%clk 0:15:05]}  Bd5 {[%clk 0:42:46]} 27. Bf4 {[%clk 0:13:39]}  Rcc1 {[%clk 0:36:36]} 0-1

[Event "9 Round Open"]
[Site "Enniscrone, Sligo, IE"]
[Date "2026.02.08"]
[Round "9"]
[White "Dolan, Peter"]
[Black "Smith, Lynda"]
[Result "1-0"]
[Board "14"]
[WhiteFideId "2413612"]
[BlackFideId "1800191"]
[BlackTitle "WCM"]
[WhiteElo "1781"]
[BlackElo "1822"]
[WhiteTeam "SCO"]
[BlackTeam "WLS"]
[WhiteClock "0:14:56"]
[BlackClock "0:07:27"]
[Variant "Standard"]

1. d4 {[%clk 1:30:58]}  f5 {[%clk 1:30:33]} 2. c4 {[%clk 1:31:19]}  Nf6 {[%clk 1:30:57]} 3. g3 {[%clk 1:31:36]}  g6 {[%clk 1:31:05]} 4. Bg2 {[%clk 1:31:41]}  Bg7 {[%clk 1:31:17]} 5. Nc3 {[%clk 1:31:42]}  d6 {[%clk 1:31:17]} 6. Nf3 {[%clk 1:31:04]}  c6 {[%clk 1:31:38]} 7. O-O {[%clk 1:30:52]}  O-O {[%clk 1:31:51]} 8. Qc2 {[%clk 1:28:52]}  Na6 {[%clk 1:32:02]} 9. b3 {[%clk 1:24:47]}  Ne4 {[%clk 1:29:17]} 10. Nxe4 {[%clk 1:16:10]}  Nb4 {[%clk 1:27:06]} 11. Nf6+ {[%clk 1:13:24]}  Bxf6 {[%clk 1:26:52]} 12. Qd2 {[%clk 1:11:21]}  a5 {[%clk 1:22:52]} 13. a3 {[%clk 1:10:29]}  Na6 {[%clk 1:23:16]} 14. Bb2 {[%clk 1:10:01]}  Nc7 {[%clk 1:22:59]} 15. Rfd1 {[%clk 1:05:51]}  Ne6 {[%clk 1:20:44]} 16. e3 {[%clk 1:03:56]}  Qe8 {[%clk 1:17:44]} 17. d5 {[%clk 0:54:00]}  Nc5 {[%clk 1:16:56]} 18. Qc2 {[%clk 0:53:36]}  Bd7 {[%clk 1:12:50]} 19. Bxf6 {[%clk 0:51:35]}  Rxf6 {[%clk 1:12:59]} 20. b4 {[%clk 0:48:03]}  Ne4 {[%clk 1:10:44]} 21. Nd2 {[%clk 0:47:32]}  cxd5 {[%clk 1:07:40]} 22. Nxe4 {[%clk 0:47:01]}  dxe4 {[%clk 1:07:32]} 23. c5 {[%clk 0:41:41]}  Kg7 {[%clk 1:02:33]} 24. Qb2 {[%clk 0:40:37]}  dxc5 {[%clk 1:01:29]} 25. bxc5 {[%clk 0:40:02]}  Bc6 {[%clk 1:00:57]} 26. Rd2 {[%clk 0:38:52]}  Rd8 {[%clk 0:58:57]} 27. Rad1 {[%clk 0:38:59]}  Rxd2 {[%clk 0:59:56]} 28. Qxd2 {[%clk 0:37:06]}  a4 {[%clk 0:59:06]} 29. Qc3 {[%clk 0:35:21]}  Kh6 {[%clk 0:55:42]} 30. Qa5 {[%clk 0:33:26]}  Rf8 {[%clk 0:54:38]} 31. Bf1 {[%clk 0:33:10]}  Qa8 {[%clk 0:51:58]} 32. Qc7 {[%clk 0:33:22]}  Qe8 {[%clk 0:49:24]} 33. Bc4 {[%clk 0:31:28]}  e6 {[%clk 0:38:47]} 34. Qf4+ {[%clk 0:28:39]}  Kg7 {[%clk 0:38:31]} 35. Qe5+ {[%clk 0:28:21]}  Kh6 {[%clk 0:35:15]} 36. Rd6 {[%clk 0:25:43]}  Bd7 {[%clk 0:31:40]} 37. Bxe6 {[%clk 0:20:43]}  Bxe6 {[%clk 0:31:02]} 38. Rxe6 {[%clk 0:20:56]}  Qd8 {[%clk 0:30:31]} 39. Rd6 {[%clk 0:19:41]}  Qe8 {[%clk 0:28:50]} 40. Qd5 {[%clk 0:18:19]}  Qf7 {[%clk 0:27:00]} 41. Qe5 {[%clk 0:16:23]}  Re8 {[%clk 0:21:51]} 42. Qd4 {[%clk 0:15:00]}  Qb3 {[%clk 0:12:47]} 43. Rd7 {[%clk 0:15:04]}  Qg8 {[%clk 0:09:02]} 44. Qf6 {[%clk 0:15:06]}  Qf8 {[%clk 0:07:27]} 45. Qh4# {[%clk 0:14:56]} 1-0